[Event "LTU-chT"]
[Site "Lithuania"]
[Date "2022.03.19"]
[Round "5.3"]
[White "Aleknavicius, Andrius"]
[Black "Bagvilas, Lukas"]
[Result "1/2-1/2"]
[WhiteElo "1961"]
[BlackElo "2021"]
[PlyCount "100"]
[EventDate "2022.03.11"]
[EventType "team-swiss"]
[EventRounds "7"]
[EventCountry "LTU"]
[SourceTitle "CBM 207 Extra"]
[Source "ChessBase"]
[SourceDate "2022.05.31"]
[SourceVersion "1"]
[SourceVersionDate "2022.05.31"]
[SourceQuality "1"]
[WhiteTeam "Kaunas Gambiteriai"]
[BlackTeam "Vilnius Melyna"]
[WhiteTeamCountry "LTU"]
[BlackTeamCountry "LTU"]

1. d4 d5 2. Bf4 Nf6 3. e3 c5 4. c3 Nc6 5. Nd2 Bf5 6. Ngf3 Qb6 7. Nh4 Bd7 8. Qb3 c4 9. Qc2 Nh5 10. Bg3 g5 11. Nhf3 g4 12. Ne5 Nxe5 13. Bxe5 f6 14. Bg3 e5 15. dxe5 Nxg3 16. hxg3 fxe5 17. e4 Bc5 18. 0-0-0 Bxf2 19. exd5 Bxg3 20. Nxc4 Bf4+ 21. Kb1 Qc5 22. Rh5 Qe7 23. Nxe5 Bxe5 24. Re1 0-0-0 25. Rhxe5 Qf6 26. Bd3 h5 27. Bf5 h4 28. Qe4 Bxf5 29. Rxf5 Qg6 30. Qc4+ Kb8 31. Qf4+ Ka8 32. Qg5 Rdg8 33. Qxg6 Rxg6 34. Rh5 Rgg8 35. Rxh8 Rxh8 36. c4 h3 37. gxh3 gxh3 38. Rh1 Rh4 39. b3 h2 40. Kc2 Kb8 41. Kd3 a5 42. Ke3 a4 43. Kf3 axb3 44. axb3 Rh3+ 45. Ke4 Kc7 46. Ke5 b6 47. b4 Rh5+ 48. Ke6 Rh6+ 49. Kf5 Kd6 50. Kg4 b5 1/2-1/2

[Event "Taujenai Manor Cup"]
[Site "Taujenai"]
[Date "2021.11.28"]
[Round "6"]
[White "Bagvilas, Lukas"]
[Black "Posaskov, Nikita"]
[Result "1-0"]
[WhiteElo "2022"]
[BlackElo "1971"]
[PlyCount "135"]
[EventDate "2021.11.27"]
[EventType "swiss (rapid)"]
[EventRounds "9"]
[EventCountry "LTU"]
[SourceTitle "EXT 2023"]
[Source "ChessBase"]
[SourceDate "2022.10.05"]
[SourceVersion "1"]
[SourceVersionDate "2022.10.05"]
[SourceQuality "1"]

1. e4 c6 2. Nc3 d5 3. Nf3 dxe4 4. Nxe4 Nf6 5. Qe2 Nxe4 6. Qxe4 Qd5 7. Qf4 Qf5 8. d3 g6 9. Qxf5 Bxf5 10. Be3 Bg7 11. 0-0-0 Na6 12. Bd4 0-0 13. Be2 Nb4 14. a3 Nd5 15. Bxg7 Kxg7 16. Nd4 Bd7 17. Bf3 e5 18. Nb3 f5 19. Nc5 Bc8 20. Rhe1 Kf6 21. g3 b6 22. Nb3 Bb7 23. Bg2 Rad8 24. Re2 Rfe8 25. Rde1 g5 26. Nd2 g4 27. Nc4 c5 28. Nxe5 Rf8 29. Nc4 Bc8 30. Bxd5 Rxd5 31. Re7 Rf7 32. Rxf7+ Kxf7 33. Kd2 Ba6 34. Ne3 Re5 35. Ng2 Rxe1 36. Kxe1 Bb7 37. Nf4 Kf6 38. Kd2 Ke5 39. Ke3 b5 40. c3 a5 41. d4+ cxd4+ 42. cxd4+ Kd6 43. b4 axb4 44. axb4 Be4 45. Kd2 Bf3 46. Kc3 Be4 47. Nh5 Ke6 48. Kd2 Kf7 49. Ke3 Kg6 50. Nf4+ Kf6 51. Ne2 Bc6 52. Kf4 Bd7 53. Nc3 h6 54. d5 Be8 55. Ne2 Bf7 56. Nd4 Bxd5 57. Nxb5 Bb7 58. Nd4 Be4 59. b5 h5 60. f3 gxf3 61. Nxf3 Bb7 62. Nd4 Be4 63. Nc6 Ke6 64. Nd4+ Kf6 65. b6 Kg6 66. h3 Kf6 67. h4 Ke7 68. Nxf5+ 1-0

[Event "Taujenai Manor Cup"]
[Site "Taujenai"]
[Date "2021.11.28"]
[Round "7"]
[White "Povilaitis, Matas Arunas"]
[Black "Bagvilas, Lukas"]
[Result "1-0"]
[WhiteElo "1910"]
[BlackElo "2022"]
[PlyCount "133"]
[EventDate "2021.11.27"]
[EventType "swiss (rapid)"]
[EventRounds "9"]
[EventCountry "LTU"]
[SourceTitle "EXT 2023"]
[Source "ChessBase"]
[SourceDate "2022.10.05"]
[SourceVersion "1"]
[SourceVersionDate "2022.10.05"]
[SourceQuality "1"]

1. d4 d5 2. Bf4 Nf6 3. Nf3 c5 4. e3 Nc6 5. Bd3 c4 6. Be2 Bf5 7. c3 Qb6 8. Qc1 h6 9. h3 e6 10. Nbd2 Be7 11. a3 0-0 12. g4 Bg6 13. g5 hxg5 14. Bxg5 Ne4 15. Bxe7 Nxe7 16. Ne5 Bh7 17. Nd7 Qd6 18. Nxf8 Rxf8 19. Qd1 b5 20. Nxe4 Bxe4 21. Bf3 Bh7 22. Qd2 a5 23. Bd1 Nc6 24. Bc2 f5 25. f4 Qe7 26. h4 Nd8 27. Qg2 Nf7 28. Kd2 Rb8 29. Rhg1 Nd6 30. Qg5 Qd7 31. Qf6 Rf8 32. Qg5 Ne8 33. Rg2 Nf6 34. Rag1 Rf7 35. Qh6 Qe7 36. h5 Qd7 37. Qg5 Ng4 38. h6 g6 39. Qh4 Qe7 40. Qh3 Nf6 41. Rg5 Kf8 42. Qg2 Qd7 43. Qf2 Qe7 44. Qe1 Qd6 45. R5g2 Ke7 46. Qh4 Qd8 47. Bd1 Kf8 48. Qh2 Qe7 49. Bf3 Qd6 50. Ra1 Rb7 51. Qg1 Kf7 52. Qd1 b4 53. axb4 axb4 54. Ke1 Qe7 55. Qa4 Nd7 56. Qc6 Nb8 57. Qa4 bxc3 58. bxc3 Qh4+ 59. Kf1 Qh1+ 60. Kf2 Rb2+ 61. Kg3 Rxg2+ 62. Bxg2 Qxh6 63. Qa7+ Kf6 64. Qxb8 g5 65. Qe5+ Kf7 66. Ra7+ Kg8 67. Qb8+ 1-0

[Event "Taujenai Manor Cup"]
[Site "Taujenai"]
[Date "2021.11.27"]
[Round "3"]
[White "Bagvilas, Lukas"]
[Black "Bazilius, Augustinas"]
[Result "1/2-1/2"]
[WhiteElo "2022"]
[BlackElo "1911"]
[PlyCount "118"]
[EventDate "2021.11.27"]
[EventType "swiss (rapid)"]
[EventRounds "9"]
[EventCountry "LTU"]
[SourceTitle "EXT 2023"]
[Source "ChessBase"]
[SourceDate "2022.10.05"]
[SourceVersion "1"]
[SourceVersionDate "2022.10.05"]
[SourceQuality "1"]

1. e4 c5 2. Nc3 a6 3. f4 b5 4. Nf3 Bb7 5. d3 e6 6. g4 d5 7. e5 Ne7 8. Bg2 h5 9. h3 hxg4 10. hxg4 Rxh1+ 11. Bxh1 Nbc6 12. Bd2 Nd4 13. Nxd4 cxd4 14. Ne2 Nf5 15. gxf5 Qh4+ 16. Kf1 Qxh1+ 17. Ng1 exf5 18. Qf3 Qh2 19. Qg2 Qxg2+ 20. Kxg2 Rc8 21. Rc1 f6 22. exf6 gxf6 23. Ne2 Bc5 24. Be1 Kf7 25. Bf2 Re8 26. Kf3 Rh8 27. Ng3 Bc8 28. c3 Bd7 29. cxd4 Bb6 30. Rh1 Rxh1 31. Nxh1 Ke6 32. Ke3 Be8 33. Ng3 a5 34. Be1 Bc7 35. a3 Bb6 36. Bc3 Bc7 37. Ne2 Bh5 38. Nc1 Bd1 39. Bd2 a4 40. Na2 Kd6 41. Bb4+ Kc6 42. Be7 Bd6 43. Bxf6 Bb3 44. Nc1 Bd1 45. Be5 Be7 46. Kd2 Bg4 47. Na2 Bh5 48. Ke1 Bg4 49. Nc3 Bf3 50. Kf2 Bg4 51. Ne2 Bxe2 52. Kxe2 b4 53. axb4 Bxb4 54. Kf3 a3 55. bxa3 Bxa3 56. Bf6 Kd7 57. Ke2 Ke6 58. Be5 Be7 59. Kd2 Bh4 1/2-1/2

[Event "Panevezys Kveinys Memorial op"]
[Site "Panevezys"]
[Date "2021.07.31"]
[Round "2"]
[White "Butvilas, Aistis"]
[Black "Bagvilas, Lukas"]
[Result "1-0"]
[WhiteElo "2088"]
[BlackElo "2000"]
[PlyCount "97"]
[EventDate "2021.07.30"]
[EventType "swiss"]
[EventRounds "9"]
[EventCountry "LTU"]
[SourceTitle "EXT 2022"]
[Source "ChessBase"]
[SourceDate "2021.10.06"]
[SourceVersion "1"]
[SourceVersionDate "2021.10.06"]
[SourceQuality "1"]

1. d4 e6 2. c4 d5 3. Nc3 c6 4. Nf3 dxc4 5. g3 Nf6 6. Bg2 Nbd7 7. 0-0 Be7 8. Qc2 0-0 9. Rd1 b5 10. Ng5 Qb6 11. a4 b4 12. a5 Qa6 13. Na4 h6 14. Nf3 Qb5 15. e4 Ba6 16. Bf4 Rac8 17. Nd2 b3 18. Qc1 Bb4 19. Nc3 Qb7 20. Ndb1 Rfd8 21. Ra4 Re8 22. Bh3 Rcd8 23. e5 Nd5 24. Ne4 Nxf4 25. Qxf4 Qb8 26. Bg4 c5 27. Nd6 Re7 28. Nxf7 Rf8 29. Nxh6+ gxh6 30. Qxh6 Qe8 31. Bh5 Qc8 32. Bg4 Qe8 33. Bh5 Qc8 34. Bg4 Rfe8 35. Nd2 Bxd2 36. Rxd2 Qc6 37. d5 Qxa4 38. Bxe6+ Rxe6 39. dxe6 Nf8 40. Rd7 Qxd7 41. exd7 Nxd7 42. Qg6+ Kf8 43. e6 Re7 44. Qf5+ Ke8 45. exd7+ Rxd7 46. Qe6+ Kd8 47. Qxa6 Rd4 48. Qxa7 c3 49. Qb6+ 1-0

[Event "Panevezys Kveinys Memorial op"]
[Site "Panevezys"]
[Date "2021.07.30"]
[Round "1"]
[White "Bagvilas, Lukas"]
[Black "Voroblievas, Arturas"]
[Result "1-0"]
[WhiteElo "2000"]
[BlackElo "1699"]
[PlyCount "61"]
[EventDate "2021.07.30"]
[EventType "swiss"]
[EventRounds "9"]
[EventCountry "LTU"]
[SourceTitle "EXT 2022"]
[Source "ChessBase"]
[SourceDate "2021.10.06"]
[SourceVersion "1"]
[SourceVersionDate "2021.10.06"]
[SourceQuality "1"]

1. e4 e5 2. Nc3 Nf6 3. g3 Bc5 4. Bg2 d6 5. Nge2 Nc6 6. 0-0 a6 7. h3 0-0 8. d3 h6 9. Kh2 Ne7 10. f4 exf4 11. gxf4 Ng6 12. Ng3 Bb6 13. Nh5 c6 14. f5 Nh4 15. Ng3 Nxg2 16. Kxg2 Re8 17. d4 Bc7 18. b3 b5 19. Qf3 b4 20. Nd1 Qe7 21. Nf2 Bb6 22. Bb2 Qa7 23. Rad1 Bb7 24. Ng4 Nh7 25. f6 Ng5 26. Qf4 Ne6 27. Nxh6+ gxh6 28. Qxh6 d5 29. Rf5 Reb8 30. Rg5+ Nxg5 31. Qg7# 1-0

[Event "LTU-ch Rapid op"]
[Site "Vilnius"]
[Date "2021.07.17"]
[Round "3"]
[White "Bagvilas, Lukas"]
[Black "Pultinevicius, Paulius"]
[Result "0-1"]
[WhiteElo "1973"]
[BlackElo "2519"]
[PlyCount "72"]
[EventDate "2021.07.17"]
[EventType "swiss (rapid)"]
[EventRounds "9"]
[EventCountry "LTU"]
[SourceTitle "EXT 2023"]
[Source "ChessBase"]
[SourceDate "2022.10.05"]
[SourceVersion "1"]
[SourceVersionDate "2022.10.05"]
[SourceQuality "1"]

1. e4 e5 2. Nc3 Nf6 3. g3 Bc5 4. Bg2 Nc6 5. Nge2 a6 6. 0-0 h5 7. Nd5 h4 8. c3 hxg3 9. hxg3 Ba7 10. d4 Ng4 11. f3 Nf6 12. Bg5 Rh5 13. f4 Rxg5 14. fxg5 Nxd5 15. exd5 Ne7 16. Qd3 g6 17. Rae1 d6 18. Kh2 Bf5 19. Be4 Qd7 20. dxe5 dxe5 21. Bxf5 gxf5 22. g4 e4 23. Qg3 0-0-0 24. Nf4 Rh8+ 25. Kg2 Nxd5 26. Nxd5 Qxd5 27. Re2 fxg4 28. Qxg4+ Kb8 29. Rxe4 Bb6 30. Rf5 Qd6 31. Rfe5 Ka7 32. c4 c6 33. a3 Qd3 34. Qf3 Qb1 35. Re2 Qh1+ 36. Kg3 Rh3+ 0-1

[Event "LTU-chT U18 3rd Stage-A Rapid"]
[Site "Siauliai"]
[Date "2021.07.04"]
[Round "4.3"]
[White "Morkunas, Gustas"]
[Black "Bagvilas, Lukas"]
[Result "0-1"]
[WhiteElo "1940"]
[BlackElo "1973"]
[PlyCount "120"]
[EventDate "2021.07.04"]
[EventType "tourn (rapid)"]
[EventRounds "7"]
[EventCountry "LTU"]
[SourceTitle "EXT 2023"]
[Source "ChessBase"]
[SourceDate "2022.10.05"]
[SourceVersion "1"]
[SourceVersionDate "2022.10.05"]
[SourceQuality "1"]

1. e4 c6 2. d4 d5 3. exd5 cxd5 4. Bd3 Nc6 5. c3 Nf6 6. h3 g6 7. Nf3 Bf5 8. Be2 Bg7 9. 0-0 0-0 10. Bf4 Re8 11. Nbd2 Nd7 12. Re1 Nb6 13. Bf1 Rc8 14. Rc1 h5 15. b4 Nd7 16. b5 Na5 17. c4 dxc4 18. Nxc4 Nxc4 19. Bxc4 Nb6 20. Bb3 Nd5 21. Rxc8 Bxc8 22. Bh2 Bf5 23. Ne5 Be6 24. Qf3 Rf8 25. Qe2 Bc8 26. Qf3 e6 27. Rc1 b6 28. Nc6 Qd7 29. Bxd5 exd5 30. Qxd5 Qxd5 31. Ne7+ Kh8 32. Nxd5 Bxd4 33. Ne7 Bc5 34. Nd5 Rd8 35. Be5+ Kh7 36. Nf6+ Kh6 37. Ne4 Rd5 38. Bf4+ Kg7 39. Bg3 Be6 40. Nc3 Rd2 41. a4 Bf5 42. Be5+ f6 43. Bg3 Kf7 44. a5 bxa5 45. Na4 Bb6 46. Nc3 Bc2 47. Kh2 g5 48. h4 Bxf2 49. Bxf2 Rxf2 50. hxg5 fxg5 51. Ra1 a4 52. Nxa4 Be4 53. Rg1 Rc2 54. b6 axb6 55. Nxb6 Ke6 56. Kg3 Kf5 57. Rf1+ Kg6 58. Rg1 h4+ 59. Kg4 Rc3 60. Rf1 Rg3# 0-1

[Event "LTU-ch U18"]
[Site "Vilnius"]
[Date "2021.06.06"]
[Round "7"]
[White "Aleknavicius, Andrius"]
[Black "Bagvilas, Lukas"]
[Result "1-0"]
[WhiteElo "1990"]
[BlackElo "2053"]
[PlyCount "31"]
[EventDate "2021.06.02"]
[EventType "swiss"]
[EventRounds "7"]
[EventCountry "LTU"]
[SourceTitle "EXT 2023"]
[Source "ChessBase"]
[SourceDate "2022.10.05"]
[SourceVersion "1"]
[SourceVersionDate "2022.10.05"]
[SourceQuality "1"]

1. d4 d5 2. Bf4 Nf6 3. e3 e6 4. Nf3 c5 5. c3 Bd6 6. Bg3 Nc6 7. Nbd2 0-0 8. Bd3 b6 9. e4 dxe4 10. Nxe4 Nxe4 11. Bxe4 Bb7 12. Qa4 Rc8 13. dxc5 Bxc5 14. Rd1 Qe8 15. Bxh7+ Kxh7 16. Qh4+ 1-0

[Event "LTU-ch U18"]
[Site "Vilnius"]
[Date "2021.06.04"]
[Round "4"]
[White "Bagvilas, Lukas"]
[Black "Jablokov, Dmitrij"]
[Result "1-0"]
[WhiteElo "2053"]
[BlackElo "1964"]
[PlyCount "51"]
[EventDate "2021.06.02"]
[EventType "swiss"]
[EventRounds "7"]
[EventCountry "LTU"]
[SourceTitle "EXT 2023"]
[Source "ChessBase"]
[SourceDate "2022.10.05"]
[SourceVersion "1"]
[SourceVersionDate "2022.10.05"]
[SourceQuality "1"]

1. e4 c6 2. Nc3 d5 3. Nf3 Bg4 4. h3 Bxf3 5. Qxf3 e6 6. d3 Nd7 7. g3 g6 8. Bg2 Bg7 9. 0-0 Ne7 10. Qe2 0-0 11. Bg5 d4 12. Nd1 h6 13. Bd2 c5 14. f4 e5 15. Nf2 b5 16. Ng4 h5 17. Nh2 Nc6 18. f5 c4 19. dxc4 bxc4 20. Qxc4 Qf6 21. g4 Rfc8 22. Qe2 Nc5 23. fxg6 Qxg6 24. gxh5 Qe6 25. Ng4 d3 26. Qf2 1-0

[Event "LTU-ch U18"]
[Site "Vilnius"]
[Date "2021.06.02"]
[Round "1"]
[White "Antuzis, Domantas"]
[Black "Bagvilas, Lukas"]
[Result "0-1"]
[WhiteElo "1345"]
[BlackElo "2053"]
[PlyCount "80"]
[EventDate "2021.06.02"]
[EventType "swiss"]
[EventRounds "7"]
[EventCountry "LTU"]
[SourceTitle "EXT 2023"]
[Source "ChessBase"]
[SourceDate "2022.10.05"]
[SourceVersion "1"]
[SourceVersionDate "2022.10.05"]
[SourceQuality "1"]

1. d4 e6 2. Bf4 d5 3. e3 Nf6 4. Nf3 c5 5. c3 Nc6 6. Nbd2 Be7 7. Bb5 Qb6 8. Bxc6+ bxc6 9. Qb3 Ba6 10. Qxb6 axb6 11. Ne5 cxd4 12. exd4 c5 13. dxc5 Bxc5 14. Nb3 Nd7 15. Nxd7 Kxd7 16. Nxc5+ bxc5 17. Kd2 f6 18. Be3 Kd6 19. b4 cxb4 20. cxb4 Bb5 21. Bc5+ Kd7 22. Rhe1 Ra4 23. Re3 e5 24. a3 Ke6 25. Bb6 e4 26. Ba5 Bd3 27. f3 f5 28. fxe4 fxe4 29. Rg3 g6 30. Ra2 Rf8 31. Ke3 Rf1 32. Kd4 Rd1 33. Kc5 d4 34. Rb2 Bf1 35. Rf2 e3 36. Rf8 e2 37. Re8+ Kf7 38. Rb8 Rxa5+ 39. bxa5 e1Q 40. Rf3+ Ke7 0-1

[Event "Panevezys Kveinys Memorial op"]
[Site "Panevezys"]
[Date "2020.06.30"]
[Round "6"]
[White "Bagvilas, Lukas"]
[Black "Birmans, Daniels"]
[Result "1-0"]
[WhiteElo "1907"]
[BlackElo "1534"]
[PlyCount "99"]
[EventDate "2020.06.26"]
[EventType "swiss"]
[EventRounds "9"]
[EventCountry "LTU"]
[SourceTitle "CBM 197 Extra"]
[Source "ChessBase"]
[SourceDate "2020.09.30"]
[SourceVersion "1"]
[SourceVersionDate "2020.09.30"]
[SourceQuality "1"]

1. e4 c5 2. Nc3 d6 3. Bb5+ Bd7 4. Bxd7+ Qxd7 5. f4 Nc6 6. d3 g6 7. Nf3 Bg7 8. 0-0 e6 9. Bd2 Nge7 10. Qe1 Rc8 11. Rc1 Nd4 12. Nxd4 cxd4 13. Ne2 Qb5 14. b3 0-0 15. Ng3 Rfe8 16. a4 Qb6 17. f5 exf5 18. Qf2 Be5 19. exf5 Bxg3 20. Qxg3 Kh8 21. Qh4 d5 22. a5 Qd6 23. Qxd4+ Kg8 24. fxg6 fxg6 25. Qh4 Nf5 26. Qg4 Qc5+ 27. Kh1 Ne3 28. Bxe3 Qxe3 29. Qd7 Qe6 30. Qxb7 Re7 31. Qb4 Rec7 32. h3 h5 33. Rce1 Qc6 34. Qd4 Kh7 35. Re2 Qc5 36. Qxc5 Rxc5 37. Rf7+ Kh6 38. Rxa7 Rxc2 39. Rxc2 Rxc2 40. a6 Kg5 41. Rf7 Ra2 42. a7 Kh4 43. Kh2 g5 44. b4 g4 45. hxg4 hxg4 46. Rh7+ Kg5 47. b5 Kf4 48. b6 Ra1 49. Rf7+ Ke3 50. Rf8 1-0

[Event "Panevezys Kveinys Memorial op"]
[Site "Panevezys"]
[Date "2020.06.29"]
[Round "5"]
[White "Laurusas, Tomas"]
[Black "Bagvilas, Lukas"]
[Result "1-0"]
[WhiteElo "2511"]
[BlackElo "1907"]
[PlyCount "51"]
[EventDate "2020.06.26"]
[EventType "swiss"]
[EventRounds "9"]
[EventCountry "LTU"]
[SourceTitle "CBM 197 Extra"]
[Source "ChessBase"]
[SourceDate "2020.09.30"]
[SourceVersion "1"]
[SourceVersionDate "2020.09.30"]
[SourceQuality "1"]

1. d4 d6 2. Bg5 g6 3. e4 Bg7 4. Nc3 c6 5. Qd2 Nd7 6. f4 Qc7 7. e5 h6 8. Bh4 g5 9. Bf2 gxf4 10. exd6 Qxd6 11. Nge2 Ngf6 12. Nxf4 Nb6 13. Bd3 Nfd5 14. Nh5 Bf8 15. Ne4 Qb4 16. c3 Qa5 17. Qe2 Be6 18. Nc5 Nd7 19. Nxe6 fxe6 20. Bg6+ Kd8 21. Qxe6 Qb5 22. Rb1 Nc7 23. Qf7 Nb6 24. Bg3 Nc4 25. Bd3 Nd5 26. 0-0 1-0

[Event "Panevezys Kveinys Memorial op"]
[Site "Panevezys"]
[Date "2020.06.26"]
[Round "1"]
[White "Juknis, Paulius"]
[Black "Bagvilas, Lukas"]
[Result "1-0"]
[WhiteElo "2127"]
[BlackElo "1907"]
[PlyCount "43"]
[EventDate "2020.06.26"]
[EventType "swiss"]
[EventRounds "9"]
[EventCountry "LTU"]
[SourceTitle "CBM 197 Extra"]
[Source "ChessBase"]
[SourceDate "2020.09.30"]
[SourceVersion "1"]
[SourceVersionDate "2020.09.30"]
[SourceQuality "1"]

1. e4 c6 2. Nc3 d5 3. Nf3 dxe4 4. Nxe4 Nf6 5. Qe2 Nxe4 6. Qxe4 Nd7 7. Bc4 Nf6 8. Ne5 e6 9. Qe2 Bd6 10. d4 Nd5 11. c3 0-0 12. 0-0 Qc7 13. f4 Re8 14. Bb3 b5 15. Bc2 a5 16. Rf3 f6 17. Bxh7+ Kxh7 18. Rh3+ Kg8 19. Qh5 fxe5 20. Qxe8+ Bf8 21. fxe5 Qf7 22. Rh8+ 1-0

[Event "LTU-chT Rapid"]
[Site "Panevezys"]
[Date "2019.11.23"]
[Round "1.2"]
[White "Bagvilas, Lukas"]
[Black "Brazdzionis, Andrius"]
[Result "0-1"]
[WhiteElo "1898"]
[BlackElo "2263"]
[PlyCount "154"]
[EventDate "2019.11.23"]
[EventType "team-swiss (rapid)"]
[EventRounds "8"]
[EventCountry "LTU"]
[SourceTitle "EXT 2023"]
[Source "ChessBase"]
[SourceDate "2022.10.05"]
[SourceVersion "1"]
[SourceVersionDate "2022.10.05"]
[SourceQuality "1"]

1. c4 e6 2. e3 d5 3. Nf3 Nf6 4. b3 c5 5. Bb2 Nc6 6. Be2 Bd6 7. Nc3 0-0 8. d4 cxd4 9. exd4 a6 10. 0-0 Bd7 11. Re1 dxc4 12. bxc4 Rc8 13. d5 Ne7 14. Ng5 exd5 15. Nxd5 Nexd5 16. cxd5 h6 17. Nf3 Re8 18. Rb1 Bf5 19. Bxf6 Qxf6 20. Rxb7 Bc5 21. Rb3 Bc2 22. Qd2 Bxb3 23. axb3 Qb6 24. Bc4 Bb4 25. Rxe8+ Rxe8 26. Qa2 a5 27. h3 Bc5 28. Qd2 Qc7 29. Qd3 Qf4 30. Qc2 Qf6 31. Qa2 Qc3 32. Bb5 Re7 33. Bc4 Qc1+ 34. Kh2 Qd1 35. Ng1 Qe1 36. d6 Bxd6+ 37. g3 Bc5 38. Kg2 Qe4+ 39. Nf3 Bb4 40. Bb5 Rc7 41. Bc4 Re7 42. Bb5 Re6 43. Bc4 Rf6 44. Qe2 Qxe2 45. Bxe2 Bc3 46. Bc4 Rb6 47. Nh4 g6 48. Kf3 Kg7 49. Ng2 Bd2 50. Ke2 Rd6 51. Nh4 Bc3 52. Nf3 f5 53. h4 Kf6 54. Bd3 g5 55. hxg5+ hxg5 56. Bc4 g4 57. Ng1 Rd2+ 58. Kf1 Rd1+ 59. Kg2 Be5 60. Ne2 Rd2 61. Kf1 Rd1+ 62. Kg2 Re1 63. Bb5 Rd1 64. Bc4 Rd2 65. Kf1 Rc2 66. Bb5 Rb2 67. Bc4 Rb1+ 68. Kg2 Ke7 69. Bg8 Kd6 70. Bc4 Kc5 71. Be6 Kb4 72. Bxf5 Rxb3 73. Bxg4 a4 74. f4 Bb2 75. f5 a3 76. Nf4 a2 77. Nd5+ Kc5 0-1

[Event "LTU-ch Rapid op"]
[Site "Taujenai"]
[Date "2019.10.19"]
[Round "4.12"]
[White "Baliasnyj, Timur"]
[Black "Bagvilas, Lukas"]
[Result "1-0"]
[WhiteElo "2093"]
[BlackElo "1945"]
[PlyCount "85"]
[EventDate "2019.10.19"]
[EventType "swiss (rapid)"]
[EventRounds "11"]
[EventCountry "LTU"]
[SourceTitle "EXT 2023"]
[Source "ChessBase"]
[SourceDate "2022.10.05"]
[SourceVersion "1"]
[SourceVersionDate "2022.10.05"]
[SourceQuality "1"]

1. c4 e5 2. Nf3 Nc6 3. d3 Bb4+ 4. Bd2 Bxd2+ 5. Qxd2 f5 6. Nc3 Nf6 7. g3 d6 8. Bg2 0-0 9. 0-0 Bd7 10. b4 Qe8 11. Nd5 Nxd5 12. cxd5 Ne7 13. Ng5 h6 14. Ne6 Bxe6 15. dxe6 c6 16. b5 Qg6 17. bxc6 bxc6 18. Rfc1 Rfc8 19. Rab1 Rc7 20. Qa5 Rac8 21. Rb8 Kh7 22. Rxc8 Rxc8 23. Qxa7 Qxe6 24. a4 Nd5 25. Qb7 Nf6 26. a5 e4 27. dxe4 fxe4 28. a6 e3 29. f4 Rd8 30. Qxc6 Qa2 31. Qc2+ Qxc2 32. Rxc2 d5 33. a7 Ra8 34. Ra2 Kg8 35. Bh3 Kf7 36. Bc8 Rxc8 37. a8Q Rxa8 38. Rxa8 Ke6 39. Ra4 Ne4 40. Kg2 Nc3 41. Ra6+ Kf5 42. Kf3 h5 43. h3 1-0

[Event "Wch U16"]
[Site "Mumbai"]
[Date "2019.10.12"]
[Round "11"]
[White "Talukdar, Rohan Shyam"]
[Black "Bagvilas, Lukas"]
[Result "1-0"]
[WhiteElo "2369"]
[BlackElo "1983"]
[PlyCount "81"]
[EventDate "2019.10.02"]
[EventType "swiss"]
[EventRounds "11"]
[EventCountry "IND"]
[SourceTitle "EXT 2020"]
[Source "ChessBase"]
[SourceDate "2019.10.17"]
[SourceVersion "1"]
[SourceVersionDate "2019.10.17"]
[SourceQuality "1"]

1. e4 c5 2. Nf3 e6 3. d4 cxd4 4. Nxd4 Qb6 5. Nb3 Nc6 6. Nc3 a6 7. Bd3 Nf6 8. Be3 Qc7 9. f4 d6 10. Qf3 e5 11. f5 b5 12. 0-0 Be7 13. a4 b4 14. Nd5 Nxd5 15. exd5 Nb8 16. Qg4 g6 17. Qxb4 Nd7 18. Qd2 Nf6 19. Bg5 gxf5 20. Bxf6 Bxf6 21. Bxf5 Bg7 22. Kh1 0-0 23. Na5 Qb6 24. Nc6 Bxf5 25. Ne7+ Kh8 26. Nxf5 Rg8 27. Ra3 Bf8 28. Rh3 Rg6 29. Nh4 Rg7 30. Qh6 Qc5 31. Nf5 Qc4 32. Rc1 Qg4 33. Nxg7 Qxg7 34. Qxg7+ Bxg7 35. Rb3 e4 36. Rb6 Be5 37. b4 f5 38. c4 e3 39. c5 Re8 40. cxd6 e2 41. d7 1-0

[Event "LTU-ch"]
[Site "Vilnius"]
[Date "2019.03.17"]
[Round "5"]
[White "Kuvsinov, Anatolij"]
[Black "Bagvilas, Lukas"]
[Result "0-1"]
[WhiteElo "1768"]
[BlackElo "1973"]
[PlyCount "66"]
[EventDate "2019.03.15"]
[EventType "swiss"]
[EventRounds "9"]
[EventCountry "LTU"]
[SourceTitle "EXT 2020"]
[Source "ChessBase"]
[SourceDate "2019.10.17"]
[SourceVersion "1"]
[SourceVersionDate "2019.10.17"]
[SourceQuality "1"]

1. e4 d5 2. exd5 Qxd5 3. Nc3 Qa5 4. Bb5+ c6 5. Bc4 Nf6 6. d3 Bg4 7. Nge2 e6 8. h3 Bh5 9. Bd2 Qc7 10. g4 Bg6 11. Nf4 Bd6 12. Qf3 Nbd7 13. Nxg6 hxg6 14. Bb3 0-0-0 15. 0-0-0 Nc5 16. Ne4 Nxb3+ 17. axb3 Nxe4 18. Qxe4 b5 19. Kb1 Kb7 20. c4 b4 21. d4 a5 22. Be3 Ra8 23. d5 exd5 24. cxd5 c5 25. Rc1 a4 26. bxa4 Rxa4 27. Rc4 Qa5 28. Kc2 b3+ 29. Kd3 Qb5 30. g5 Re8 31. Qh4 Re5 32. Rhc1 Rxd5+ 33. Kc3 Be5+ 0-1

[Event "LTU-chT"]
[Site "Lithuania"]
[Date "2019.01.26"]
[Round "1.9"]
[White "Vaiciunas, Giedrius"]
[Black "Bagvilas, Lukas"]
[Result "0-1"]
[WhiteElo "1317"]
[BlackElo "1881"]
[PlyCount "126"]
[EventDate "2019.01.26"]
[EventType "team-swiss"]
[EventRounds "7"]
[EventCountry "LTU"]
[SourceTitle "CBM 188 Extra"]
[Source "ChessBase"]
[SourceDate "2019.02.28"]
[SourceVersion "1"]
[SourceVersionDate "2019.02.28"]
[SourceQuality "1"]
[WhiteTeam "Kaunas Ezerelio II"]
[BlackTeam "Siauliai Drakonas"]
[WhiteTeamCountry "LTU"]
[BlackTeamCountry "LTU"]

1. e4 d5 2. exd5 Qxd5 3. Nc3 Qd8 4. Nf3 Nf6 5. d3 Bg4 6. h3 Bh5 7. Be2 e6 8. 0-0 Bd6 9. Be3 0-0 10. Qd2 Nbd7 11. Rfe1 c6 12. Rad1 Nb6 13. d4 Nbd5 14. Nxd5 Nxd5 15. a3 h6 16. c4 Ne7 17. Bf4 Nf5 18. Bxd6 Nxd6 19. Ne5 Bxe2 20. Qxe2 Re8 21. Qh5 Qg5 22. Qxg5 hxg5 23. c5 Nb5 24. a4 Nc7 25. Nc4 Red8 26. Nd6 Rab8 27. b4 Ne8 28. Nxe8 Rxe8 29. f3 Rbd8 30. Re5 f6 31. Re4 Rd5 32. Kf2 Kf7 33. Rd2 Red8 34. Ke3 f5 35. Re5 f4+ 36. Ke4 Rxe5+ 37. Kxe5 Rd5+ 38. Ke4 e5 39. Rd3 a5 40. bxa5 Ke6 41. Rd2 Rxd4+ 42. Rxd4 exd4 43. Kxd4 Kf5 44. Kd3 Ke5 45. Kc4 g6 46. a6 bxa6 47. a5 g4 48. h4 g3 49. Kc3 Kd5 50. Kd3 Kxc5 51. Ke4 Kb4 52. Kxf4 c5 53. Ke3 c4 54. Kd2 Kb3 55. Kc1 c3 56. f4 c2 57. f5 gxf5 58. h5 f4 59. h6 f3 60. h7 fxg2 61. h8Q g1Q+ 62. Kd2 c1Q+ 63. Kd3 Qce3# 0-1